000 00379cam a2200157ua 4500
041 _aeng
_h
082 _a828.09
_bLUC/TS
100 _aLucy, Sean .
245 _aT S Eliot and idea of Tradition /
_cSean Lucy.
_hTextual Documents
250 _a1 /
_b.
260 _aLondon :
_bCohen & West ,
_c1960.
300 _a222 ; .
504 _a
942 _cBK
999 _c8677
_d8677